| 000 | 00866cam a2200205 i 4500 | ||
|---|---|---|---|
| 005 | 20260127120740.0 | ||
| 008 | 250721s1998 ua gr 000 0 ara d | ||
| 020 | _a9775609933 | ||
| 041 | 1 |
_aara _heng |
|
| 082 | 1 | 4 |
_a360.001 _bب ا ي |
| 100 | 1 |
_aمالكوم، بايت _eمؤلف. |
|
| 245 | 1 | 0 |
_aنظرية الخدمة الإجتماعية المعاصرة / _cتأليف مالكولم باين ؛ ترجمة د. حمدي محمد إبراهيم منصور، د. سعيد عبدالعزيز عويضة. |
| 264 | 3 | 1 |
_aالاسكندرية : _bالمكتب العلمي للكمبيوتر، _c1998. |
| 300 | _a369 صفحة. | ||
| 650 | 1 | 7 | _aالخدمة الإجتماعية. |
| 700 | 1 |
_aمنصور، حمدي محمد _eمترجم. |
|
| 700 | 1 |
_aعويضة، سعيد عبد العزيز _eمترجم. |
|
| 942 |
_2ddc _cBK |
||
| 999 |
_c11095 _d11095 |
||